[Event "Titled Tuesday intern op 16th Apr Late"]
[Site "Chess.com INT"]
[Date "2024.04.16"]
[Round "3"]
[White "Kalavannan, Koby"]
[Black "Novikova, Galina"]
[Result "1-0"]
[WhiteElo "2295"]
[BlackElo "2073"]
[PlyCount "79"]
[EventDate "2024.04.16"]
[EventType "swiss (blitz)"]
[EventRounds "11"]
[EventCountry "USA"]
[SourceTitle "CB17_2024"]
[SourceDate "2024.04.24"]
[SourceVersion "1"]
[SourceVersionDate "2024.04.24"]
[SourceQuality "1"]

1. d4 e5 2. dxe5 d6 3. Nf3 Bg4 4. Bg5 Qd7 5. exd6 Bxd6 6. Nc3 Nc6 7. e3 f6 8. Bh4 0-0-0 9. Bb5 Nge7 10. h3 Bh5 11. g4 Bg6 12. Qe2 Bb4 13. a3 Bxc3+ 14. bxc3 Qd5 15. Bc4 Qc5 16. Nd4 Ne5 17. Be6+ Kb8 18. 0-0 h5 19. g5 fxg5 20. Bxg5 Rde8 21. f4 Nf7 22. Bh4 Nd5 23. Qg2 Nxe3 24. Qxg6 Nxf1 25. Rxf1 Qxc3 26. Bf2 Nd6 27. Bd5 Rhf8 28. Rb1 a6 29. Nc6+ Ka8 30. Ne5 Rxe5 31. fxe5 Qxe5 32. Bxb7+ Kb8 33. Bxa6+ Ka8 34. Qg2+ Ne4 35. Bb7+ Kb8 36. Bxe4+ Kc8 37. Bb7+ Kd8 38. Rd1+ Ke7 39. Re1 Qxe1+ 40. Bxe1 1-0

[Event "Titled Tuesday intern op 16th Apr Late"]
[Site "Chess.com INT"]
[Date "2024.04.16"]
[Round "1"]
[White "Koellner, Ruben Gideon"]
[Black "Novikova, Galina"]
[Result "1-0"]
[WhiteElo "2441"]
[BlackElo "2073"]
[PlyCount "57"]
[EventDate "2024.04.16"]
[EventType "swiss (blitz)"]
[EventRounds "11"]
[EventCountry "USA"]
[SourceTitle "CB17_2024"]
[SourceDate "2024.04.24"]
[SourceVersion "1"]
[SourceVersionDate "2024.04.24"]
[SourceQuality "1"]

1. d4 e5 2. dxe5 d6 3. Nf3 Bg4 4. exd6 Bxd6 5. Nc3 Nc6 6. Bg5 f6 7. Bh4 Qe7 8. e3 0-0-0 9. Bd3 Ne5 10. Qe2 Nxd3+ 11. cxd3 Bb4 12. h3 Bh5 13. Bg3 g5 14. d4 Nh6 15. Qb5 Bg6 16. 0-0 Nf5 17. Nd5 Rxd5 18. Qxd5 Nxg3 19. fxg3 Qxe3+ 20. Kh2 Bd6 21. Rae1 Bxg3+ 22. Kxg3 Qf4+ 23. Kf2 Rd8 24. Qe6+ Kb8 25. Kg1 h5 26. Qe3 Qd6 27. Qe7 Qd5 28. Qxf6 Be4 29. Rxe4 1-0

[Event "Titled Tuesday intern op 12th Mar Late"]
[Site "Chess.com INT"]
[Date "2024.03.12"]
[Round "8"]
[White "Novikova, Galina"]
[Black "Ambartsumova, Karina"]
[Result "1-0"]
[WhiteElo "2073"]
[BlackElo "2418"]
[PlyCount "87"]
[EventDate "2024.03.12"]
[EventType "swiss (blitz)"]
[EventRounds "11"]
[EventCountry "USA"]
[SourceTitle "CB12_2024"]
[SourceDate "2023.10.01"]
[SourceVersion "1"]
[SourceVersionDate "2023.10.01"]
[SourceQuality "1"]

1. e4 e5 2. Nf3 Nc6 3. d4 exd4 4. Nxd4 Bc5 5. Nb3 Bb6 6. Nc3 Nf6 7. Qe2 0-0 8. Be3 Re8 9. f3 d5 10. 0-0-0 d4 11. Bg5 Be6 12. Na4 h6 13. Bh4 Qe7 14. g4 Qb4 15. Nxb6 axb6 16. a3 Qd6 17. Bxf6 Qf4+ 18. Kb1 Qxf6 19. h4 d3 20. Qxd3 Ne5 21. Qc3 Qxf3 22. Bd3 Nxd3 23. cxd3 c5 24. Nd2 Qf4 25. Rdf1 Qd6 26. g5 h5 27. g6 f6 28. Nc4 Qc6 29. Ne3 b5 30. Rc1 b6 31. Qd2 Qd6 32. Qe2 Qe5 33. Rhf1 b4 34. Nf5 bxa3 35. d4 cxd4 36. Qxh5 Qxe4+ 37. Rc2 a2+ 38. Ka1 Bxf5 39. Qh7+ Kf8 40. Qh8+ Ke7 41. Qxg7+ Kd6 42. Qc7+ Ke6 43. Rc6+ Kd5 44. Qd6# 1-0

[Event "Titled Tuesday intern op 12th Mar Late"]
[Site "Chess.com INT"]
[Date "2024.03.12"]
[Round "11"]
[White "Novikova, Galina"]
[Black "Mendes, Aaron Reeve"]
[Result "0-1"]
[WhiteElo "2073"]
[BlackElo "2309"]
[PlyCount "98"]
[EventDate "2024.03.12"]
[EventType "swiss (blitz)"]
[EventRounds "11"]
[EventCountry "USA"]
[SourceTitle "CB12_2024"]
[SourceDate "2023.10.01"]
[SourceVersion "1"]
[SourceVersionDate "2023.10.01"]
[SourceQuality "1"]

1. e4 c5 2. Nf3 d6 3. d4 cxd4 4. Nxd4 Nf6 5. Nc3 a6 6. Rg1 g6 7. g4 Bg7 8. Be3 Qc7 9. f3 b5 10. g5 Nfd7 11. Nd5 Qa5+ 12. Bd2 Qd8 13. Bc3 0-0 14. Qd2 e6 15. Ba5 Qxa5 16. Qxa5 Bxd4 17. Ne7+ Kg7 18. Rg2 Re8 19. Nxc8 Rxc8 20. 0-0-0 Nc6 21. Qe1 Be5 22. Kb1 Nc5 23. Bd3 Bf4 24. Rg4 e5 25. h4 Nd4 26. Be2 b4 27. Rxf4 Nxe2 28. Rf6 Nd4 29. Rxd6 Nce6 30. Rc1 a5 31. Qh1 a4 32. Qh2 Rc5 33. Rd5 Rxd5 34. exd5 Nf4 35. h5 Nxf3 36. h6+ Kg8 37. Qf2 Nxg5 38. Qc5 Rb8 39. Qc7 Re8 40. d6 Nge6 41. Qa5 e4 42. Qe5 Rd8 43. Rd1 f5 44. d7 Kf7 45. Qd6 e3 46. Qxb4 e2 47. Rc1 Rxd7 48. a3 Rd1 49. Qb6 Nd4 0-1

[Event "Titled Tuesday intern op 27th Feb Late"]
[Site "Chess.com INT"]
[Date "2024.02.27"]
[Round "4"]
[White "Novikova, Galina"]
[Black "Keller, Peter1"]
[Result "1-0"]
[WhiteElo "2073"]
[BlackElo "2328"]
[PlyCount "93"]
[EventDate "2024.02.27"]
[EventType "swiss (blitz)"]
[EventRounds "11"]
[EventCountry "USA"]
[SourceTitle "CB10_2024"]
[SourceDate "2024.03.06"]
[SourceVersion "1"]
[SourceVersionDate "2024.03.06"]
[SourceQuality "1"]

1. d4 Nf6 2. Bg5 d5 3. Bxf6 gxf6 4. e3 c5 5. Nf3 Nc6 6. c3 Qb6 7. Qc2 e5 8. Be2 cxd4 9. exd4 exd4 10. 0-0 dxc3 11. Nxc3 Be6 12. Bb5 Bg7 13. Rad1 Rd8 14. a3 0-0 15. Bd3 h6 16. h3 Ne5 17. Be2 Rc8 18. Nd4 Rfd8 19. Kh1 Nc4 20. Bxc4 Rxc4 21. Qd2 f5 22. Nf3 Qb3 23. Rfe1 Kh7 24. Ne5 d4 25. Nxc4 Qxc4 26. Ne2 Rd7 27. Nf4 a6 28. Rc1 Qb5 29. Nxe6 fxe6 30. Rxe6 d3 31. b4 Qd5 32. Rce1 Rc7 33. R6e3 Bc3 34. Re7+ Kg8 35. Re8+ Kf7 36. Qxh6 Bxe1 37. Qf8+ Kg6 38. Rxe1 d2 39. Qe8+ Rf7 40. Rd1 Kg7 41. Qe3 Rd7 42. Qg3+ Kf6 43. Qc3+ Qd4 44. Qg3 Ke6 45. Qg6+ Qf6 46. Qg3 Qc3 47. Qxc3 1-0

[Event "Titled Tuesday intern op 13th Feb Early"]
[Site "Chess.com INT"]
[Date "2024.02.13"]
[Round "5"]
[White "Novikova, Galina"]
[Black "Goncharov, Vladimir"]
[Result "0-1"]
[WhiteElo "2073"]
[BlackElo "2077"]
[PlyCount "74"]
[EventDate "2024.02.13"]
[EventType "swiss (blitz)"]
[EventRounds "11"]
[EventCountry "USA"]
[SourceTitle "CB08_2024"]
[SourceDate "2024.02.21"]
[SourceVersion "1"]
[SourceVersionDate "2024.02.21"]
[SourceQuality "1"]

1. e4 e6 2. Nf3 d5 3. e5 c5 4. b4 cxb4 5. a3 b3 6. cxb3 Nc6 7. d4 Nge7 8. Bd3 Nf5 9. Bc2 Nh4 10. Nxh4 Qxh4 11. Be3 Bd7 12. 0-0 Qd8 13. f4 g6 14. Nc3 Rc8 15. Nb5 Qb6 16. Nd6+ Bxd6 17. exd6 f5 18. b4 Nd8 19. Bf2 Qxd6 20. Bh4 0-0 21. Qe2 a6 22. Rae1 Bb5 23. Bd3 Bxd3 24. Qxd3 Rc4 25. Re2 Nc6 26. Rfe1 Rxd4 27. Qg3 Re4 28. Bg5 Nd4 29. Rxe4 fxe4 30. h4 Nf5 31. Qg4 Qb6+ 32. Kh2 h5 33. Qe2 Rc8 34. Qb2 Qd4 35. Qb1 Qd3 36. Qb2 Rc2 37. Qf6 Qg3+ 0-1

[Event "Titled Tuesday intern op 13th Feb Early"]
[Site "Chess.com INT"]
[Date "2024.02.13"]
[Round "10"]
[White "Novikova, Galina"]
[Black "Okike, David"]
[Result "1-0"]
[WhiteElo "2073"]
[BlackElo "2157"]
[PlyCount "141"]
[EventDate "2024.02.13"]
[EventType "swiss (blitz)"]
[EventRounds "11"]
[EventCountry "USA"]
[SourceTitle "CB08_2024"]
[SourceDate "2024.02.21"]
[SourceVersion "1"]
[SourceVersionDate "2024.02.21"]
[SourceQuality "1"]

1. d4 Nf6 2. Bg5 e6 3. e4 d5 4. e5 h6 5. Bh4 g5 6. Bg3 Ne4 7. Nd2 Nxg3 8. hxg3 c5 9. Ngf3 cxd4 10. Nxd4 Bd7 11. Bd3 Nc6 12. Nxc6 bxc6 13. 0-0 Qc7 14. f4 Qb6+ 15. Kh2 Qxb2 16. Rb1 Qd4 17. Rb7 gxf4 18. gxf4 Be7 19. Nb3 Qa4 20. f5 Qh4+ 21. Kg1 Rg8 22. Qf3 Qg3 23. fxe6 Bxe6 24. Rxe7+ Kxe7 25. Qf6+ Kd7 26. Rf2 Qg5 27. Nc5+ Kc8 28. Ba6+ Kc7 29. Nxe6+ fxe6 30. Qf7+ Kb6 31. Qb7+ Kc5 32. Bf1 Rgb8 33. Qd7 Rd8 34. Qxe6 Rab8 35. Rf3 Rb4 36. Ra3 Rb7 37. Rc3+ Kd4 38. Qxc6 Rb4 39. Qc5+ Kxe5 40. Qxb4 Qf4 41. Qxf4+ Kxf4 42. Rf3+ Ke5 43. Rd3 d4 44. Rb3 Rc8 45. Bd3 Rc7 46. Rb5+ Kf4 47. Rh5 Rc6 48. Kf2 Rf6 49. Ra5 a6 50. Rxa6 Rf8 51. Rxh6 Ke5+ 52. Kg1 Rb8 53. a4 Kf4 54. a5 Kg3 55. Rg6+ Kf4 56. a6 Rb1+ 57. Kf2 Ra1 58. Rg7 Ke5 59. a7 Kf6 60. Rb7 Ke5 61. Rc7 Kd6 62. Rh7 Ke5 63. g4 Kf4 64. Rg7 Ra2 65. g5 Ke5 66. g6 Kf6 67. Rf7+ Ke6 68. Rb7 Kf6 69. g7 Ra1 70. g8Q Rf1+ 71. Kxf1 1-0

[Event "Titled Tuesday intern op 13th Feb Early"]
[Site "Chess.com INT"]
[Date "2024.02.13"]
[Round "6"]
[White "Pastor Carvajal, Jeigoth"]
[Black "Novikova, Galina"]
[Result "0-1"]
[WhiteElo "2019"]
[BlackElo "2073"]
[PlyCount "46"]
[EventDate "2024.02.13"]
[EventType "swiss (blitz)"]
[EventRounds "11"]
[EventCountry "USA"]
[SourceTitle "CB08_2024"]
[SourceDate "2024.02.21"]
[SourceVersion "1"]
[SourceVersionDate "2024.02.21"]
[SourceQuality "1"]

1. d4 e5 2. e4 d6 3. Nc3 Nc6 4. Nf3 Bg4 5. dxe5 Qd7 6. exd6 Bxd6 7. Be3 0-0-0 8. h3 Bh5 9. g4 Bg6 10. Bd3 Qe7 11. Qe2 Nf6 12. Bg5 h6 13. Bh4 Bb4 14. 0-0 h5 15. Nd5 Qe6 16. Ng5 Qe8 17. Nxf6 gxf6 18. Nf3 hxg4 19. hxg4 Qe6 20. g5 Qg4+ 21. Bg3 Bc5 22. Rfd1 Qxg3+ 23. Kf1 Rh1+ 0-1

[Event "Titled Tuesday intern op 13th Feb Early"]
[Site "Chess.com INT"]
[Date "2024.02.13"]
[Round "8"]
[White "Pham, Le Thao Nguyen"]
[Black "Novikova, Galina"]
[Result "1-0"]
[WhiteElo "2395"]
[BlackElo "2073"]
[PlyCount "99"]
[EventDate "2024.02.13"]
[EventType "swiss (blitz)"]
[EventRounds "11"]
[EventCountry "USA"]
[SourceTitle "CB08_2024"]
[SourceDate "2024.02.21"]
[SourceVersion "1"]
[SourceVersionDate "2024.02.21"]
[SourceQuality "1"]

1. d4 e5 2. dxe5 d6 3. Nf3 Bg4 4. Bg5 Qd7 5. Nbd2 Nc6 6. exd6 Bxd6 7. c3 f6 8. Bh4 0-0-0 9. Qc2 Qf7 10. Bg3 Nge7 11. e3 Nf5 12. Bc4 Qe7 13. 0-0-0 Nxg3 14. hxg3 h5 15. Bd3 Kb8 16. Bf5 a6 17. Bxg4 hxg4 18. Nd4 Ne5 19. Ne4 Qf7 20. Kb1 Rhe8 21. Nxd6 Rxd6 22. Nf5 Rdd8 23. a3 g6 24. Nd4 Qd5 25. Rhg1 c5 26. Ne2 Qc6 27. c4 Qb6 28. Nf4 g5 29. Nd5 Qc6 30. b3 Rd6 31. a4 Red8 32. a5 Ka7 33. Rd2 Rxd5 34. cxd5 Rxd5 35. Rxd5 Qxd5 36. Rd1 Qc6 37. Rc1 c4 38. bxc4 Qc5 39. Qc3 Qc6 40. Qd4+ Kb8 41. Kb2 Qa4 42. Qd8+ Ka7 43. Qb6+ Kb8 44. Qd8+ Ka7 45. Qd4+ Kb8 46. Qc3 Qc6 47. Kb3 Qxg2 48. Rd1 Qxf2 49. Rd8+ Kc7 50. Qd4 1-0

[Event "Titled Tuesday intern op 13th Feb Early"]
[Site "Chess.com INT"]
[Date "2024.02.13"]
[Round "11"]
[White "Rosen, Eric S"]
[Black "Novikova, Galina"]
[Result "0-1"]
[WhiteElo "2361"]
[BlackElo "2073"]
[PlyCount "48"]
[EventDate "2024.02.13"]
[EventType "swiss (blitz)"]
[EventRounds "11"]
[EventCountry "USA"]
[SourceTitle "CB08_2024"]
[SourceDate "2024.02.21"]
[SourceVersion "1"]
[SourceVersionDate "2024.02.21"]
[SourceQuality "1"]

1. e4 e6 2. c4 d5 3. cxd5 exd5 4. Qb3 Nf6 5. Nc3 d4 6. e5 dxc3 7. exf6 Qxf6 8. dxc3 Bd6 9. Be3 0-0 10. Bd3 Nc6 11. Nf3 Ne5 12. Nxe5 Qxe5 13. 0-0-0 Bf5 14. Rhe1 Bxd3 15. Rxd3 Qxh2 16. Qxb7 Bf4 17. Kc2 Rab8 18. Qxa7 Bxe3 19. Rdxe3 h6 20. Rg3 Qh5 21. Qxc7 Qf5+ 22. Kc1 Qxf2 23. Ree3 Rxb2 24. Kd1 Qd2# 0-1

[Event "Titled Tuesday intern op 06th Feb Early"]
[Site "Chess.com INT"]
[Date "2024.02.06"]
[Round "6"]
[White "Chemin, Vitorio"]
[Black "Novikova, Galina"]
[Result "0-1"]
[WhiteElo "2131"]
[BlackElo "2073"]
[PlyCount "106"]
[EventDate "2024.02.06"]
[EventType "swiss (blitz)"]
[EventRounds "11"]
[EventCountry "USA"]
[SourceTitle "CB07_2024"]
[SourceDate "2024.02.14"]
[SourceVersion "1"]
[SourceVersionDate "2024.02.14"]
[SourceQuality "1"]

1. d4 e5 2. e4 d6 3. dxe5 Nc6 4. exd6 Bxd6 5. c3 Qe7 6. Bd3 Nf6 7. Qe2 Bg4 8. f3 Bd7 9. Bg5 0-0-0 10. Nd2 h6 11. Bh4 Ne5 12. 0-0-0 Nxd3+ 13. Qxd3 Bc5 14. Qc4 Be6 15. Qa4 Kb8 16. e5 Bf5 17. exf6 gxf6 18. Nh3 Qe2 19. Nf4 Qe5 20. Rhe1 Be3 21. Bf2 Qxf4 22. Qxf4 Bxf4 23. g3 Bd6 24. Ne4 Be5 25. Bd4 b6 26. Nxf6 Bxd4 27. Rxd4 Be6 28. b3 a5 29. Red1 Rxd4 30. Rxd4 Kb7 31. Kd2 Kc6 32. Nh5 Re8 33. Nf4 Bf5 34. g4 Bb1 35. a3 Rg8 36. c4 Rg5 37. Nd5 h5 38. Ke3 hxg4 39. Rxg4 Rh5 40. h4 Re5+ 41. Kf4 Re1 42. Rg7 Bg6 43. Ne3 Rb1 44. Ng4 Rxb3 45. Ne5+ Kc5 46. Nxg6 fxg6 47. Rxg6 Rxa3 48. h5 Ra1 49. h6 Rh1 50. Rf6 a4 51. Kg5 a3 52. Rf8 a2 53. Ra8 a1Q 0-1

[Event "Titled Tuesday intern op 06th Feb Early"]
[Site "Chess.com INT"]
[Date "2024.02.06"]
[Round "8"]
[White "Novikova, Galina"]
[Black "De Souza, Arthur Olintho"]
[Result "1-0"]
[WhiteElo "2073"]
[BlackElo "2113"]
[PlyCount "43"]
[EventDate "2024.02.06"]
[EventType "swiss (blitz)"]
[EventRounds "11"]
[EventCountry "USA"]
[SourceTitle "CB07_2024"]
[SourceDate "2024.02.14"]
[SourceVersion "1"]
[SourceVersionDate "2024.02.14"]
[SourceQuality "1"]

1. d4 e6 2. Nc3 d5 3. Bf4 Nf6 4. f3 Bd6 5. Bg5 Be7 6. e3 0-0 7. h4 h6 8. Bf4 Bd6 9. Bxd6 Qxd6 10. Nge2 e5 11. Qd2 exd4 12. exd4 Nc6 13. 0-0-0 Rb8 14. g4 b5 15. g5 hxg5 16. hxg5 Nh7 17. Nf4 Nxg5 18. Qh2 f6 19. Bd3 f5 20. Qh8+ Kf7 21. Qh5+ Kg8 22. Qxg5 1-0

[Event "Titled Tuesday intern op 06th Feb Early"]
[Site "Chess.com INT"]
[Date "2024.02.06"]
[Round "4"]
[White "Novikova, Galina"]
[Black "Gorovets, Andrey"]
[Result "0-1"]
[WhiteElo "2073"]
[BlackElo "2480"]
[PlyCount "122"]
[EventDate "2024.02.06"]
[EventType "swiss (blitz)"]
[EventRounds "11"]
[EventCountry "USA"]
[SourceTitle "CB07_2024"]
[SourceDate "2024.02.14"]
[SourceVersion "1"]
[SourceVersionDate "2024.02.14"]
[SourceQuality "1"]

1. e4 c5 2. Nf3 Nc6 3. d4 cxd4 4. Nxd4 Nf6 5. Nc3 e5 6. Ndb5 d6 7. Bg5 a6 8. Na3 Be6 9. Bxf6 Qxf6 10. Nd5 Qd8 11. c3 Be7 12. Nc2 Bg5 13. Be2 Ne7 14. Nce3 Bxe3 15. Nxe3 d5 16. exd5 Nxd5 17. Nxd5 Qxd5 18. 0-0 Qxd1 19. Rfxd1 Ke7 20. Bf3 Rhd8 21. b3 Rab8 22. Rxd8 Kxd8 23. Kf1 Ke7 24. c4 f5 25. Rc1 e4 26. Be2 Kd6 27. Ke1 Kc5 28. Kd2 Kd4 29. Rd1 f4 30. Kc2+ Ke5 31. Kc3 g5 32. b4 g4 33. a4 f3 34. Bf1 Rf8 35. g3 Rc8 36. a5 Rc7 37. Kb3 Rd7 38. Rxd7 Bxd7 39. b5 Kd4 40. Kb4 e3 41. fxe3+ Kxe3 42. bxa6 bxa6 43. c5 Bc8 44. c6 Kf2 45. Bc4 Kg1 46. Kc5 f2 47. Kd6 Kxh2 48. Kc7 Be6 49. Bf1 Kxg3 50. Bxa6 Kg2 51. Bd3 g3 52. a6 f1Q 53. Bxf1+ Kxf1 54. a7 g2 55. a8Q g1Q 56. Qa1+ Kg2 57. Qg7+ Kh1 58. Qh6+ Qh2+ 59. Qxh2+ Kxh2 60. Kd6 Bg4 61. Ke5 Kg3 0-1

[Event "Titled Tuesday intern op 06th Feb Early"]
[Site "Chess.com INT"]
[Date "2024.02.06"]
[Round "2"]
[White "Novikova, Galina"]
[Black "Ivanov, Aleksandr Y"]
[Result "1-0"]
[WhiteElo "2073"]
[BlackElo "2068"]
[PlyCount "115"]
[EventDate "2024.02.06"]
[EventType "swiss (blitz)"]
[EventRounds "11"]
[EventCountry "USA"]
[SourceTitle "CB07_2024"]
[SourceDate "2024.02.14"]
[SourceVersion "1"]
[SourceVersionDate "2024.02.14"]
[SourceQuality "1"]

1. d4 d5 2. Nc3 e6 3. Bf4 Bd6 4. Qd2 Nf6 5. f3 c5 6. Bxd6 Qxd6 7. e3 a6 8. 0-0-0 0-0 9. g4 Nc6 10. h4 b5 11. h5 Bb7 12. g5 Ne8 13. g6 e5 14. gxh7+ Kh8 15. h6 g6 16. dxe5 Nxe5 17. Nxd5 Bxd5 18. Qxd5 Qxd5 19. Rxd5 Nc4 20. Bxc4 bxc4 21. Rxc5 Nd6 22. Ne2 Rfe8 23. e4 Kxh7 24. Nc3 Re6 25. Nd5 Ra7 26. c3 Rb7 27. Kc2 Ra7 28. Rc6 a5 29. a4 Rb7 30. Nc7 Re7 31. Nd5 Re6 32. Ra6 Ne8 33. Rxa5 Nf6 34. Ne3 Reb6 35. Rb1 Kxh6 36. Nxc4 Rc6 37. b3 Kg7 38. Rg5 Nh7 39. Rg2 Nf6 40. Na5 Rbb6 41. Nxc6 Rxc6 42. a5 Ra6 43. b4 Nd7 44. Rd2 Ne5 45. Kb3 Nxf3 46. Rf2 Ne5 47. Ka4 Nd3 48. Rff1 Ne5 49. b5 Ra8 50. a6 Nc4 51. Kb4 Nd2 52. Ka5 Nxe4 53. b6 Nxc3 54. a7 Nd5 55. Ka6 Re8 56. b7 Re6+ 57. Ka5 Nc3 58. b8Q 1-0

[Event "Titled Tuesday intern op 23rd Jan Late"]
[Site "Chess.com INT"]
[Date "2024.01.23"]
[Round "9"]
[White "Garcia Molina, Jose"]
[Black "Novikova, Galina"]
[Result "1-0"]
[WhiteElo "2190"]
[BlackElo "2073"]
[PlyCount "79"]
[EventDate "2024.01.23"]
[EventType "swiss (blitz)"]
[EventRounds "11"]
[EventCountry "USA"]
[SourceTitle "CB05_2024"]
[SourceDate "2024.01.31"]
[SourceVersion "1"]
[SourceVersionDate "2024.01.31"]
[SourceQuality "1"]

1. d4 Nf6 2. c4 g6 3. Nc3 d6 4. e4 Bg7 5. f3 0-0 6. Nge2 c5 7. d5 e6 8. Ng3 exd5 9. cxd5 Re8 10. Be2 a6 11. a4 Nbd7 12. 0-0 Ne5 13. Bg5 h6 14. Be3 Kh7 15. h3 Qb6 16. Qd2 Qb4 17. a5 Bd7 18. f4 Nc4 19. Bxc4 Qxc4 20. f5 Rf8 21. Bf4 Ne8 22. Rae1 Bb5 23. Rf3 Nc7 24. Bxd6 Rfc8 25. f6 Bf8 26. Bxf8 Rxf8 27. Rf4 Rae8 28. Rh4 Qd4+ 29. Qxd4 cxd4 30. Nxb5 Nxb5 31. e5 Rc8 32. Ne4 Rc2 33. e6 d3 34. e7 Re8 35. Rd1 Rxb2 36. Rxd3 Rb1+ 37. Kh2 Nc7 38. d6 Ne6 39. d7 Rc8 40. dxc8Q 1-0

[Event "Titled Tuesday intern op 23rd Jan Late"]
[Site "Chess.com INT"]
[Date "2024.01.23"]
[Round "7"]
[White "Novikova, Galina"]
[Black "Quirke, Jeffrey"]
[Result "1-0"]
[WhiteElo "2073"]
[BlackElo "1986"]
[PlyCount "71"]
[EventDate "2024.01.23"]
[EventType "swiss (blitz)"]
[EventRounds "11"]
[EventCountry "USA"]
[SourceTitle "CB05_2024"]
[SourceDate "2024.01.31"]
[SourceVersion "1"]
[SourceVersionDate "2024.01.31"]
[SourceQuality "1"]

1. e4 e6 2. Nf3 d5 3. e5 Bd7 4. b4 Bxb4 5. c3 Bf8 6. d4 c5 7. Bd3 Nc6 8. 0-0 Nge7 9. a4 Ng6 10. Na3 Be7 11. Nb5 0-0 12. Nd6 Bxd6 13. exd6 cxd4 14. cxd4 a5 15. h4 Nxh4 16. Bxh7+ Kxh7 17. Ng5+ Kg6 18. Qg4 f5 19. Qxh4 Rh8 20. Qg3 Kf6 21. Bf4 g6 22. Nxe6 Bxe6 23. Bg5+ Kf7 24. Bxd8 Raxd8 25. Rab1 Rd7 26. Rfd1 Kf6 27. f4 Rh5 28. Re1 Kf7 29. Qe3 Nd8 30. Rbc1 Rxd6 31. Rc7+ Kf8 32. Qe5 Rd7 33. Qf6+ Nf7 34. Rxd7 Bxd7 35. Qe7+ Kg8 36. Qxd7 1-0

[Event "Titled Tuesday intern op 23rd Jan Late"]
[Site "Chess.com INT"]
[Date "2024.01.23"]
[Round "8"]
[White "Perez, Flavio"]
[Black "Novikova, Galina"]
[Result "0-1"]
[WhiteElo "2266"]
[BlackElo "2073"]
[PlyCount "72"]
[EventDate "2024.01.23"]
[EventType "swiss (blitz)"]
[EventRounds "11"]
[EventCountry "USA"]
[SourceTitle "CB05_2024"]
[SourceDate "2024.01.31"]
[SourceVersion "1"]
[SourceVersionDate "2024.01.31"]
[SourceQuality "1"]

1. e4 e6 2. Nf3 d5 3. e5 Bd7 4. a3 Ne7 5. d4 Nf5 6. b4 a5 7. b5 c5 8. bxc6 bxc6 9. c3 c5 10. Bd3 Nc6 11. Be3 Nh4 12. 0-0 c4 13. Bc2 Be7 14. Nbd2 Rb8 15. Ne1 Bg5 16. Bxg5 Qxg5 17. g3 Ng6 18. f4 Qe7 19. Ndf3 Rb2 20. Rb1 Rxb1 21. Qxb1 0-0 22. h4 Rb8 23. Qd1 Nf8 24. Ng2 f5 25. exf6 Qxf6 26. Ng5 h6 27. Nf3 Be8 28. Ne3 Bg6 29. Ng4 Qe7 30. Re1 Bxc2 31. Qxc2 Qxa3 32. f5 Rb2 33. Qd1 exf5 34. Nge5 Nxe5 35. Nxe5 Qxc3 36. Rf1 Qxg3+ 0-1

[Event "Titled Tuesday intern op 16th Jan Late"]
[Site "Chess.com INT"]
[Date "2024.01.16"]
[Round "4"]
[White "Georg, Heinz"]
[Black "Novikova, Galina"]
[Result "0-1"]
[WhiteElo "2105"]
[BlackElo "2073"]
[PlyCount "72"]
[EventDate "2024.01.16"]
[EventType "swiss (blitz)"]
[EventRounds "11"]
[EventCountry "USA"]
[SourceTitle "CB04_2024"]
[SourceDate "2023.10.16"]
[SourceVersion "1"]
[SourceVersionDate "2023.10.16"]
[SourceQuality "1"]

1. e4 e6 2. c4 d5 3. cxd5 exd5 4. exd5 Nf6 5. Bb5+ Bd7 6. Bc4 Bd6 7. Nc3 0-0 8. Nge2 Na6 9. h3 Nc5 10. d4 Nce4 11. 0-0 h6 12. Bf4 Re8 13. Bxd6 Nxd6 14. Bb3 Nfe4 15. Nxe4 Nxe4 16. Nc3 Bf5 17. Qf3 Qg5 18. h4 Qg6 19. h5 Qg5 20. d6 Nd2 21. Qxb7 Nxf1 22. Rxf1 Qxh5 23. dxc7 Rac8 24. d5 Qg6 25. d6 Qxd6 26. Nb5 Qg6 27. Bd5 Bd3 28. Rd1 Bxb5 29. Qxb5 Qb6 30. Qd7 Rf8 31. Bxf7+ Kh7 32. Qf5+ Kh8 33. Rd8 Rcxd8 34. cxd8Q Qxd8 35. Qg6 Qd4 36. Kh2 Qf4+ 0-1

[Event "Titled Tuesday intern op 16th Jan Late"]
[Site "Chess.com INT"]
[Date "2024.01.16"]
[Round "6"]
[White "Liu, Kelsey"]
[Black "Novikova, Galina"]
[Result "1-0"]
[WhiteElo "2004"]
[BlackElo "2073"]
[PlyCount "117"]
[EventDate "2024.01.16"]
[EventType "swiss (blitz)"]
[EventRounds "11"]
[EventCountry "USA"]
[SourceTitle "CB04_2024"]
[SourceDate "2023.10.16"]
[SourceVersion "1"]
[SourceVersionDate "2023.10.16"]
[SourceQuality "1"]

1. e4 e6 2. d4 d5 3. e5 c5 4. c3 Nc6 5. Nf3 Bd7 6. Bd3 Qc7 7. 0-0 f6 8. Re1 0-0-0 9. Bf4 h6 10. Bg3 f5 11. Nbd2 g5 12. h3 c4 13. Be2 f4 14. Bh2 Be7 15. b3 Na5 16. bxc4 dxc4 17. Ne4 Bc6 18. Nfd2 Bd5 19. Qa4 Kb8 20. Rab1 h5 21. Rb5 Nc6 22. Bxc4 Nh6 23. Reb1 b6 24. Nc5 Bxc5 25. dxc5 Kc8 26. cxb6 axb6 27. Rxb6 Nxe5 28. Bxd5 Rxd5 29. Qa8+ Kd7 30. Qxh8 Nf5 31. Rb7 Qxb7 32. Rxb7+ Kd6 33. Qd8+ Kc5 34. Ne4+ Kc4 35. Rc7+ Kd3 36. Qb8 Kxe4 37. Qb1+ Nd3 38. f3+ Ke5 39. h4 Ne3 40. g3 Nc5 41. gxf4+ gxf4 42. Rxc5 Rxc5 43. Qe4+ Kd6 44. Bxf4+ e5 45. Bxe3 Rd5 46. Kg2 Rd1 47. Kg3 Ke6 48. Qg6+ Kd5 49. Qf7+ Kd6 50. Qf8+ Ke6 51. Qe8+ Kd5 52. Qd7+ Kc4 53. Qxd1 Kb5 54. Qd5+ Ka4 55. Bc1 e4 56. Qb7 Ka5 57. Qb4+ Ka6 58. Be3 exf3 59. Qb6# 1-0